| 000 | 00606nam a22001937a 4500 | ||
|---|---|---|---|
| 003 | OSt | ||
| 005 | 20231219055844.0 | ||
| 008 | 160719b xxu||||| |||| 00| 0 eng d | ||
| 020 | _a0340816716 | ||
| 040 | _c040a | ||
| 082 | _aWA 950 A21c 2006 | ||
| 100 |
_aAzer, Samy A.; Gupta K. Janesh _910312 |
||
| 245 |
_aCore Clinical Cases in Basic Biomedical Science: _ba problem-based learning approach |
||
| 260 |
_aLondon; _bHodder Arnold, _c2006 |
||
| 300 |
_axvi, 414p; _bill : _c16 cm. |
||
| 504 | _aIncludes bibliographical references and index | ||
| 650 |
_aBiomedical science _910313 |
||
| 942 |
_2z _cO_SHELF |
||
| 999 |
_c4795 _d4795 |
||